| 000 | 00848nam a22002417a 4500 | ||
|---|---|---|---|
| 005 | 20170123162351.0 | ||
| 010 | _aA-586517 | ||
| 020 |
_c18.00 _a8123700121 |
||
| 035 | _aA-586517 | ||
| 037 | _bCen Lib/Ret | ||
| 040 |
_adpl _bUR |
||
| 082 |
_a954.083 _bش ی و |
||
| 245 |
_a: تاتیا ٹوپے _cمترجم عتیق الله _b/ اندومتی شیوڑے |
||
| 246 |
_aTatiya-tope: Indumati Shaiwri / _btranslated by Ateeq-ullah |
||
| 260 |
_aنئی دہلی _bانڈیا نیشنل بک پرسٹ، _c1992 |
||
| 270 |
_aگرین پارک _bنئی دہلی _e110016 |
||
| 300 |
_a102p. _c18cm(Hb) |
||
| 650 |
_aسیاسی - تاریخ _9400 |
||
| 650 |
_aہندوستانی تاریخ _9410 |
||
| 650 |
_aPolitical science- History _9578 |
||
| 650 |
_aIndian History _9137190 |
||
| 942 |
_2ddc _cUR _h954.083 _mش ی و |
||
| 999 |
_c109287 _d109287 |
||